| 000 | 00652 a2200193 4500 | ||
|---|---|---|---|
| 003 | Nust | ||
| 005 | 20221220093354.0 | ||
| 010 | _a 90221762 | ||
| 020 | _a0671728695 : | ||
| 040 | _cNust | ||
| 082 | 0 | 0 | _a320.53,SHI |
| 100 | 1 |
_aShirer, William L. _9105256 |
|
| 245 | 1 | 4 |
_aThe rise and fall of the Third Reich, A history of Nazi Germany / _c William L. Shirer |
| 260 |
_aNew York _bSimon & Schuster, _cc1990. |
||
| 300 |
_axii, 1249 p. ; _c24 cm. |
||
| 505 | _aThe Rise of Adolf Hitler (Page-3), Triumph and Consolidation (Page-117), The Road to War (Page-279). | ||
| 651 | 0 |
_aGermany _xHistory _y1933-1945. _9105257 |
|
| 942 |
_2ddc _cBK _k320.53,SHI |
||
| 999 |
_c185048 _d185048 |
||